LEADER 00555naa a2200157 i 4500 001 000000319598 003 CaOOAMICUS 005 20180831173310.0 008 180831n it u000 u ita u 013 $a29375 040 $aSeMil$bita 245 12$aL'educazione della gioventu traviata. 650 4$aMarchiondi, Paolo .$0(OLS)http://semarc/subject/44144 650 4$aSpagliardi, Giovanni .$0(OLS)http://semarc/subject/44145 773 0 $t7.$gp.117-131$w()106155 996 $6245$aL'educazione della gioventu traviata$9(OLS)http://semarc/title/393349 LEADER 00519nab a2200133 i 4500 001 000000322311 003 CaOOAMICUS 005 20180831173403.0 008 180831n it uu u0 0ita r 013 $a32605 040 $aSeMil$bita 245 13$aLa pace della sera. Racconto di una serata tra visite e preghiera. - In [rubrica] :$bDiario. 773 0 $t[FEBBRAIO 2005]. - 32 p.$gp.6-8$w()259803 996 $6245$aLa pace della sera. Racconto di una serata tra visite e preghiera. - In [rubrica] :$bDiario.$9(OLS)http://semarc/title/395841